Первый химический факультет в Сибири; Материалы научно-практической конференции, посвященной 85-летию химико-технологического факультета

Bibliografiske detaljer
Parent link:Материалы научно-практической конференции, посвященной 85-летию химико-технологического факультета.— [1985].— С. 2-7
Hovedforfatter: Лозовский И. Г.
Andre forfattere: Пикула Н. П.
Summary:Деп. в ОНИИТЭХИМ, 28.08.85,№ 887-ХП-85
Sprog:russisk
Udgivet: [1985]
Fag:
Format: MixedMaterials Book Chapter
KOHA link:https://koha.lib.tpu.ru/cgi-bin/koha/opac-detail.pl?biblionumber=594171

MARC

LEADER 00000naa0a2200000 4500
001 594171
005 20250203140014.0
035 |a (RuTPU)RU\TPU\tpu\8559 
090 |a 594171 
100 |a 20020515d1985 k y0rusy50 ca 
101 0 |a rus 
102 |a RU 
200 1 |a Первый химический факультет в Сибири  |f И. Г. Лозовский, Н. П. Пикула 
300 |a Деп. в ОНИИТЭХИМ, 28.08.85,№ 887-ХП-85 
463 |t Материалы научно-практической конференции, посвященной 85-летию химико-технологического факультета  |o секция фотохимии и технологии неорганических материалов ТПУ  |v С. 2-7  |d [1985] 
610 1 |a труды учёных ТПУ 
700 1 |a Лозовский  |b И. Г.  |3 (RuTPU)RU\TPU\pers\3465 
701 1 |a Пикула  |b Н. П.  |c кандидат химических наук  |c ХТФ  |f 1949-  |3 (RuTPU)RU\TPU\pers\3466 
801 1 |a RU  |b 63413507  |c 20020515  |g PSBO 
801 2 |a RU  |b 63413507  |c 20100126  |g RCR 
942 |c BK